000 00444nam a2200181Ia 4500
008 240925s9999 xx 000 0 und d
020 _a9781118817414
082 _a658.4092 MYA
100 _aMyatt, Mike
245 0 _aHacking Leadership
250 _aNA
260 _aAustralia:
_bJohn Wiley & Sons
_c,2014.
300 _a678p.
_bNA
_fOriginal
500 _aIncludes Index
600 _aManagement
650 _aManagement
942 _cBK
999 _c15032
_d15032